Statistics for Top 15 NFL QB's All-Time

Click here to take the quiz!

General Stats

  • This quiz has been taken 467 times
  • The average score is 10 of 15

Answer Stats

Hint Answer % Correct
2000-Tom Brady
97%
1998-Peyton Manning
94%
1979-1994Joe Montana
94%
1983-1999Dan Marino
78%
1984-1999Steve Young
77%
1991-2010Brett Favre
77%
1983-1999John Elway
72%
1955-1973Johnny Unitas
66%
1970-1983Terry Bradshaw
64%
1989-2000Troy Aikman
63%
1956-1971Bart Starr
55%
1964-1979Roger Staubach
54%
1944-1955Otto Graham
39%
1937-1952Sammy Baugh
29%
1957-1974Sonny Jurgensen
8%

Score Distribution

Percentile by Number Answered

Percent of People with Each Score

Your Score History

You have not taken this quiz